000 00533nam a2200205Ia 4500
005 20260429111942.0
008 260429s9999||||xx |||||||||||||| ||und||
020 _a9789391382513
041 _aEnglish
082 _a635.9
_bKAU
100 _aKaur, Jaspreet
245 0 _aEconomics of floriculture /
_cJaspreet Kaur
250 _a1st ed.
260 _aNew Delhi :
_bSwastik Publications,
_c2025.
300 _axii, 225 p.; hb
650 _a Economics
650 _aFloriculture
700 _a Gupta, Shakuntla
942 _cTB
999 _c51589
_d51589